| 000 | 00679cam a22001575a 4500 | ||
|---|---|---|---|
| 001 | 121296 | ||
| 008 | 221229s2020 xxk fo 001 0 eng d | ||
| 041 | 0 | _aeng | |
| 110 | 2 | _aRoyal Institution of Chartered Surveyors | |
| 245 | 0 | 0 |
_aGovernance Procedures and Processes _b(made as Standing Orders) as approved by Governing Council _h[old edition] |
| 260 |
_aLondon, _bRICS, _cOctober 2021 |
||
| 300 | _a11p | ||
| 651 | 4 | _aInternational | |
| 856 | 4 | 1 |
_uhttps://www.rics.org/contentassets/d36c69382bb94d3aa3ebc9ac96bf4333/rics-governance-procedures-and-processes-standing-orders---january-2022-v2.pdf _zArchived, please contact [email protected] to request a copy |
| 942 | _n0 | ||
| 999 |
_c121296 _d121296 |
||